| 000 | 00569nam a22001937a 4500 | ||
|---|---|---|---|
| 003 | OSt | ||
| 008 | 240717b |||||||| |||| 00| 0 eng d | ||
| 082 |
_a632.4 _bG96S |
||
| 100 | _aGupta, Ramesh Chandra. | ||
| 245 | _aStudies on Stem Root disease of Til (Sesamum indicum L.) Caused by Sclerotium rolfsii Sacc. | ||
| 260 |
_a.- Sabor, Bhagalpur _b: Bihar Agriculture College, RAU _c, 1984 |
||
| 300 | _a83p. | ||
| 502 | _bM. Sc. | ||
| 650 | _aMycology and Plant Pathology | ||
| 650 | _aStem Rot Diseases | ||
| 650 | _aThesis | ||
| 650 | _aM. Sc. | ||
| 942 |
_2ddc _cT |
||
| 999 |
_c41636 _d41636 |
||